000 00415cam a2200169ua 4500
041 _aeng
_h
082 _a028.71
_bCOP/EF
100 _aCoplan, Kate .
245 _aEffective library exhibits /
_cKate Coplan.
_hTextual Documents
250 _a1 /
_b.
260 _aNew York :
_bOceana Publications ,
_c1958.
300 _a126 ; .
500 _a**Reference
504 _a
942 _cBK
999 _c7644
_d7644